All Countries with High Fertility Rates - Statistics

General Stats
  • This quiz has been taken 14 times
  • The average score is 80 of 91
Answer Stats
Total Fertility Rate in 2025 (births per woman) Answer % Correct
5.79 Niger
100%
4.30 Nigeria
100%
4.66 Afghanistan
92%
4.95 Angola
92%
4.01 Burkina Faso
92%
4.68 Burundi
92%
5.94 Chad
92%
5.90 Democratic Republic of the Congo
92%
2.58 Djibouti
92%
4.04 Equatorial Guinea
92%
3.61 Eritrea
92%
2.68 Eswatini
92%
2.71 Federated States of Micronesia
92%
3.54 Gabon
92%
3.30 Ghana
92%
4.04 Guinea
92%
2.37 Guyana
92%
2.10 Indonesia
92%
3.12 Kenya
92%
3.09 Kiribati
92%
2.36 Laos
92%
2.21 Lebanon
92%
2.64 Lesotho
92%
3.79 Liberia
92%
5.42 Mali
92%
2.82 Marshall Islands
92%
4.56 Mauritania
92%
4.62 Mozambique
92%
3.17 Namibia
92%
3.25 Nauru
92%
2.48 Oman
92%
3.50 Pakistan
92%
3.59 Rwanda
92%
3.75 Samoa
92%
3.53 São Tomé and Príncipe
92%
3.61 Sierra Leone
92%
3.47 Solomon Islands
92%
5.91 Somalia
92%
2.19 South Africa
92%
3.71 South Sudan
92%
4.19 Sudan
92%
4.47 Tanzania
92%
4.07 Togo
92%
3.07 Tonga
92%
3.14 Tuvalu
92%
4.06 Uganda
92%
3.53 Vanuatu
92%
4.41 Yemen
92%
3.97 Zambia
92%
3.62 Zimbabwe
92%
2.11 Bangladesh
85%
4.42 Benin
85%
2.50 Bolivia
85%
2.66 Botswana
85%
2.51 Cambodia
85%
5.81 Central African Republic
85%
3.76 Comoros
85%
2.71 Egypt
85%
3.81 Ethiopia
85%
3.80 Gambia
85%
2.26 Guatemala
85%
3.68 Guinea-Bissau
85%
2.59 Haiti
85%
2.45 Honduras
85%
3.17 Iraq
85%
2.75 Israel
85%
2.57 Jordan
85%
2.95 Kazakhstan
85%
2.75 Kyrgyzstan
85%
2.25 Libya
85%
3.85 Madagascar
85%
2.40 Paraguay
85%
4.05 Republic of the Congo
85%
2.29 Saudi Arabia
85%
3.71 Senegal
85%
2.21 Suriname
85%
2.66 Syria
85%
2.99 Tajikistan
85%
2.63 Turkmenistan
85%
3.45 Uzbekistan
85%
2.67 Algeria
77%
4.19 Cameroon
77%
2.20 Dominican Republic
77%
2.25 Fiji
77%
4.17 Ivory Coast
77%
3.53 Malawi
77%
2.59 Mongolia
77%
3.03 Papua New Guinea
77%
2.56 Timor-Leste
77%
2.18 Nicaragua
69%
3.19 Palestine
38%
No matching quizzes found
Score Distribution
Percent of People with Each Score
Percentile by Number Answered
Your Score History
You have not taken this quiz